000 00698nam a2200193Ia 4500
008 151121s9999||||xx |||||||||||||| ||und||
082 _a814/पारखे
082 _bHNW-21934
100 _aपारखे म। स।-संक।
245 _aराजराजेश्वर परशुराम
260 _b"मोंडकर ज। आ।, मुंबई।"
260 _c--
300 _a123
600 _aपारखे म। स।-संक।
630 _aराजराजेश्वर परशुराम
700 _aपारखे म। स।-संक।
730 _aराजराजेश्वर परशुराम
942 _cBOOK
999 _c1221855
_d1221852